Rajendryasobhusanam (Record no. 1235908)

MARC details
000 -LEADER
fixed length control field 00650nam a2200241Ia 4500
005 - DATE AND TIME OF LATEST TRANSACTION
control field 20250108125151.0
008 - FIXED-LENGTH DATA ELEMENTS--GENERAL INFORMATION
fixed length control field 008 250107s9999 xx 000 0 eng d
020 ## - INTERNATIONAL STANDARD BOOK NUMBER
International Standard Book Number 978-93-5002-656-9
037 ## - SOURCE OF ACQUISITION
Stock number TB
040 ## - CATALOGING SOURCE
Original cataloging agency CRL
Language of cataloging eng
Transcribing agency CRL
041 ## - LANGUAGE CODE
Language code of text/sound track or separate title sae
Source of code eng
084 ## - COLON CLASSIFICATION NUMBER
Classification number J R1
084 ## - COLON CLASSIFICATION NUMBER
Assigning agency CRL
100 ## - MAIN ENTRY--PERSONAL NAME
Personal name Patel Gautam Ed.
9 (RLIN) 40655
245 #0 - TITLE STATEMENT
Title Rajendryasobhusanam
Statement of responsibility, etc. Patel Gautam Ed.
260 ## - PUBLICATION, DISTRIBUTION, ETC.
Place of publication, distribution, etc. Vadodra, India
Name of publisher, distributor, etc. Esh Nanavati Varma
Date of publication, distribution, etc. 3520
300 ## - PHYSICAL DESCRIPTION
Extent xxviii,644p.
365 ## - TRADE PRICE
Price type code INR
Price amount 7845
546 ## - LANGUAGE NOTE
Language note Translated from Sanskrit to English
650 ## - SUBJECT ADDED ENTRY--TOPICAL TERM
Topical term or geographic name entry element SANSKRIT LITERATURE
942 ## - ADDED ENTRY ELEMENTS (KOHA)
Koha item type Textbook
Classification part J R1
Holdings
Withdrawn status Lost status Damaged status Not for loan Home library Current library Date acquired Source of acquisition Cost, normal purchase price Total Checkouts Full call number Barcode Date last seen Price effective from Koha item type
        Central Library Central Library 2025-01-08 Gift, 08/10/2024, 7845.00   O15jN39 111R3 CL1699532 2025-01-08 2025-01-08 Textbook
Copyright @ Delhi University Library System